Statistics for Members of the Caribbean Community (CARICOM)

Click here to take the quiz!

General Stats

  • This quiz has been taken 73 times
    (71 since last reset)
  • The average score is 13 of 15

Answer Stats

Member% Correct
Saint Kitts and Nevis
98%
Dominica
98%
The Bahamas
96%
Grenada
94%
Haiti
94%
Saint Lucia
94%
Jamaica
94%
Antigua and Barbuda
92%
Saint Vincent and the Grenadines
92%
Barbados
92%
Trinidad and Tobago
92%
Belize
80%
Guyana
69%
Suriname
63%
Montserrat
43%

Score Distribution

Percentile by Number Answered

Percent of People with Each Score

Your Score History

You have not taken this quiz since the last reset